MARC details
| 000 -CABECERA |
| campo de control de longitud fija |
01218nam a22003017i 4500 |
| 003 - IDENTIFICADOR DEL NÚMERO DE CONTROL |
| campo de control |
DO-SdBNP |
| 005 - FECHA Y HORA DE LA ÚLTIMA TRANSACCIÓN |
| campo de control |
20230530110643.0 |
| 007 - CAMPO FIJO DE DESCRIPCIÓN FÍSICA--INFORMACIÓN GENERAL |
| campo de control de longitud fija |
ta |
| 008 - DATOS DE LONGITUD FIJA--INFORMACIÓN GENERAL |
| campo de control de longitud fija |
221020b1990 dr ||||| |||| 00| 0 spa d |
| 040 ## - FUENTE DE LA CATALOGACIÓN |
| Centro catalogador/agencia de origen |
DO-SdBNP |
| Lengua de catalogación |
spa |
| Centro/agencia transcriptor |
BNPHU |
| Normas de descripción |
rda |
| 082 #4 - NÚMERO DE LA CLASIFICACIÓN DECIMAL DEWEY |
| Número de clasificación |
021.7 |
| Número de documento/Ítem |
F356d |
| Número de edición |
22 |
| 111 2# - ENTRADA PRINCIPAL--NOMBRE DE CONGRESO/REUNIÓN |
| Nombre de congreso/reunión o jurisdicción como elemento de entrada |
Feria Nacional del Libro |
| Sede del congreso/Lugar de la reunión |
Santo Domingo, República Dominicana) |
| Fecha del congreso/reunión |
del 20 al 30 de octubre de 1990 |
| 9 (RLIN) |
72688 |
| 245 10 - MENCIÓN DE TÍTULO |
| Título |
XVIII Feria Nacional del Libro Cesar Herrera |
| 246 13 - FORMA VARIANTE DE TÍTULO |
| Título propio/Titulo breve |
Decimooctava Feria Nacional del Libro |
| 264 ## - PRODUCCIÓN, PUBLICACIÓN, DISTRIBUCIÓN, FABRICACIÓN Y COPYRIGHT |
| Producción, publicación, distribución, fabricación y copyright |
Santo Domingo : |
| Nombre del de productor, editor, distribuidor, fabricante |
Comision Permanente de la Feria del Libro |
| Fecha de producción, publicación, distribución, fabricación o copyright |
1990 |
| 300 ## - DESCRIPCIÓN FÍSICA |
| Extensión |
47 paginas : |
| Otras características físicas |
ilustrado ; |
| Dimensiones |
21 cm. |
| 336 ## - TIPO DE CONTENIDO |
| Fuente |
rdacontent |
| Término de tipo de contenido |
texto |
| Código de tipo de contenido |
txt |
| 337 ## - TIPO DE MEDIO |
| Fuente |
rdamedia |
| Nombre/término del tipo de medio |
sin mediación |
| Código del tipo de medio |
n |
| 338 ## - TIPO DE SOPORTE |
| Fuente |
rdacarrier |
| Nombre/término del tipo de soporte |
volumen |
| Código del tipo de soporte |
nc |
| 500 ## - NOTA GENERAL |
| Nota general |
Dedicado a la memoria de Cesar Herrera |
| 590 ## - NOTA LOCAL (RLIN) |
| Nota local |
Inventariado, 2023/DG |
| 611 24 - PUNTO DE ACCESO ADICIONAL DE MATERIA--NOMBRE DE REUNIÓN/CONGRESO |
| Nombre de congreso/reunión o jurisdicción como elemento de entrada |
Feria internacional del libro |
| Número del congreso/reunión o número de parte o sección |
(17ª : |
| Fecha del congreso/reunión |
2014 : |
| Sede del congreso/Lugar de la reunión |
Santo Domingo, Republica Dominicana) |
| Subdivisión general |
Programas |
| 9 (RLIN) |
72689 |
| 650 #4 - PUNTO DE ACCESO ADICIONAL DE MATERIA--TÉRMINO DE MATERIA |
| Término de materia o nombre geográfico como elemento de entrada |
Industria del libro |
| Subdivisión geográfica |
República Dominicana |
| Subdivisión general |
Programas |
| 9 (RLIN) |
55292 |
| 650 #4 - PUNTO DE ACCESO ADICIONAL DE MATERIA--TÉRMINO DE MATERIA |
| Término de materia o nombre geográfico como elemento de entrada |
Feria del libro |
| Subdivisión geográfica |
República Dominicana |
| Subdivisión cronológica |
1990 |
| Subdivisión general |
Programas |
| 9 (RLIN) |
72690 |
| 650 #4 - PUNTO DE ACCESO ADICIONAL DE MATERIA--TÉRMINO DE MATERIA |
| Término de materia o nombre geográfico como elemento de entrada |
Libros |
| Subdivisión general |
Exposiciones |
| Subdivisión geográfica |
República Dominicana |
| 9 (RLIN) |
33375 |
| 910 ## - DATOS DE OPCIÓN DEL USUARIO (OCLC) |
| Datos de opción del usuario |
DG |
| 942 ## - ELEMENTOS DE PUNTO DE ACCESO ADICIONAL (KOHA) |
| Fuente del sistema de clasificación o colocación |
Dewey Decimal Classification |
| Tipo de ítem Koha |
Folleto |